[Event "2nd JAHV McGregor Open"]
[Site "Bogota COL"]
[Date "2011.12.08"]
[Round "5"]
[White "Moreno,J"]
[Black "Villegas,Jeisson Steven"]
[Result "1-0"]
[WhiteElo "1980"]
[BlackElo "1695"]

1.d4 Nf6 2.Nc3 e6 3.e4 d5 4.e5 Nfd7 5.f4 c5 6.Nf3 Nc6 7.Be3 Be7 8.Qd2 a6
9.O-O-O b5 10.dxc5 Qa5 11.Kb1 Nxc5 12.Bd3 b4 13.Ne2 Na4 14.Nfd4 Bd7 15.Nxc6 Bxc6
16.Bd4 Rb8 17.g4 Nc3+ 18.Nxc3 bxc3 19.Bxc3 Qb6 20.b3 d4 21.Ba5 Qc5 22.Rhg1 Bb5
23.Be4 Bd7 24.Bd3 Bb5 25.Rge1 Bxd3 26.cxd3 O-O 27.Rc1 Qa3 28.Re2 Rb5 29.Bc7 Bb4
30.Qb2 Qxb2+ 31.Kxb2 Rc8 32.Rc4 a5 33.Rec2 Bc3+ 34.Ka3 Rb4 35.Bd6 Ra8 36.f5 h5
37.fxe6 fxe6 38.gxh5 Kh7 39.Rg2 Kh6 40.Rg6+ Kxh5 41.Rxg7 Kh4 42.Rg6 Kh3 43.Rc7 Rh8
44.Bxb4  1-0

[Event "14th Metropolitan IM"]
[Site "Los Angeles USA"]
[Date "2011.12.08"]
[Round "2"]
[White "Lee,Dan"]
[Black "Kavutskiy,K"]
[Result "0-1"]
[WhiteElo "2264"]
[BlackElo "2303"]

1.e4 e6 2.d4 d5 3.Nc3 Nf6 4.e5 Nfd7 5.f4 c5 6.Nf3 Nc6 7.Be3 a6 8.Qd2 b5 9.a3 Qb6
10.Ne2 c4 11.f5 exf5 12.Nf4 Ne7 13.h4 Qc7 14.g3 Nb6 15.h5 h6 16.Bg2 Be6 17.O-O c3
18.bxc3 Na4 19.Nh4 Rc8 20.Qf2 Nxc3 21.g4 Ne4 22.Bxe4 fxe4 23.Nxe6 fxe6 24.Qf7+ Kd8
25.Qxe6 Qd7 26.Qb6+ Ke8 27.Nf5 Nxf5 28.Rxf5 Rc6 29.Qa5 g6 30.Rf4 gxh5 31.Raf1 Rg8
32.Kh1 hxg4 33.Rf7 Be7 34.Qd2 g3 35.Qg2 Rxc2 36.Qxc2 g2+ 37.Qxg2 Rxg2 38.Kxg2 Qg4+
39.Kh2 Qe2+  0-1

[Event "14th Metropolitan IM"]
[Site "Los Angeles USA"]
[Date "2011.12.10"]
[Round "6"]
[White "Carreto Nieto,G"]
[Black "Kavutskiy,K"]
[Result "1/2-1/2"]
[WhiteElo "2242"]
[BlackElo "2303"]

1.e4 e6 2.d4 d5 3.Nc3 Nf6 4.e5 Nfd7 5.f4 c5 6.Nf3 Nc6 7.Be3 a6 8.Qd2 b5 9.dxc5 Bxc5
10.Bxc5 Nxc5 11.Qf2 Qb6 12.Bd3 b4 13.Ne2 a5 14.O-O Ba6 15.Rad1 Na4 16.b3 Qxf2+
17.Kxf2 Nc5 18.Ke3 Ke7 19.Rfe1 g6 20.Ned4 Nxd4 21.Nxd4 Rhc8 22.g4 Nd7 23.a3 Bxd3
24.Rxd3 bxa3 25.Ra1 g5 26.Rxa3 gxf4+ 27.Kxf4 f6 28.exf6+ Kxf6 29.g5+ Kf7
30.Rf3 e5+ 31.Kg4+ Ke8 32.Re3 Kd8 33.Nf3 e4 34.Nd4 Ke7 35.c4 Kd6 36.Nf5+ Ke5
37.cxd5 Rf8 38.Ng3 Rf4+ 39.Kh5 Kxd5 40.Nxe4 Rxe4 41.Rxe4 Kxe4 42.Ra4+ Kf5
43.b4 Ne5 44.bxa5 Ra6 45.Rb4 Rxa5 46.Rb7 Ra8 47.Rxh7 Rg8 48.h4 Rf8 49.Rh6 Rf7
50.Rf6+  1/2-1/2

[Event "FSFMB December 2011"]
[Site "Budapest HUN"]
[Date "2011.12.11"]
[Round "9"]
[White "Naghib,P"]
[Black "Wanger,T"]
[Result "0-1"]
[WhiteElo "1653"]
[BlackElo "1846"]

1.e4 e6 2.d4 d5 3.Nc3 Nf6 4.e5 Nfd7 5.f4 c5 6.Nf3 Nc6 7.Be3 Qb6 8.Na4 Qa5+
9.c3 cxd4 10.b4 Nxb4 11.cxb4 Bxb4+ 12.Bd2 Bxd2+ 13.Nxd2 f6 14.exf6 Nxf6 15.Nb2 Ne4
16.Qa4+ Qxa4 17.Nxa4 O-O 18.g3 b6 19.Nb3 Nc3 20.Nb2 Re8 21.Nd3 Ba6 22.Ne5 Bxf1
23.Rxf1 Nb5 24.a4 Nd6 25.Nxd4 Rac8 26.Rf2 Nc4 27.Re2 Nxe5 28.Rxe5 Kf7 29.Kd2 a6
30.Rb1 Rc4 31.Rxb6 Rxd4+ 32.Kc3 Rxa4 33.Kb3 Ra5 34.Kb4 Rb5+ 35.Rxb5 axb5
36.Kxb5 Rc8 37.Re2 Kf6 38.Kb4 h6 39.h3 Rc4+ 40.Kb3 Re4 41.Rxe4 dxe4 42.Kc4 e5
43.fxe5+ Kxe5 44.Kc3 Kd5 45.Kd2 Kd4 46.g4 g5 47.Ke2 e3  0-1

[Event "18th Zadar Open A"]
[Site "Zadar CRO"]
[Date "2011.12.12"]
[Round "2.3"]
[White "Brkic,A"]
[Black "Martinovic,Sa"]
[Result "1/2-1/2"]
[WhiteElo "2605"]
[BlackElo "2504"]

1.e4 e6 2.d4 d5 3.Nc3 Nf6 4.e5 Nfd7 5.Nce2 c5 6.c3 Nc6 7.Nf3 Qa5 8.a3 cxd4
9.b4 Qc7 10.cxd4 b5 11.Nc3 a6 12.Bd2 Nb6 13.Bd3 Nc4 14.O-O Bd7 15.Bc1 Be7
16.h4 h6 17.h5 Qb6 18.Kh1 a5 19.Bxc4 dxc4 20.d5 axb4 21.Be3 Qb7 22.axb4 Rxa1
23.Qxa1 Nxb4 24.d6 Bg5 25.Rb1 Bxe3 26.fxe3 Nc2 27.Qa2 Nxe3 28.Nxb5 O-O 29.Nbd4 Qe4
30.Re1 Rb8 31.Qa7 Rb1 32.Rxb1 Qxb1+ 33.Kh2 Nf1+ 34.Kh3 Ne3 35.Kh2 Nf1+ 36.Kh3 Ne3  1/2-1/2

[Event "18th Zadar Open A"]
[Site "Zadar CRO"]
[Date "2011.12.13"]
[Round "4.13"]
[White "Zelcic,R"]
[Black "Martinovic,Sa"]
[Result "1/2-1/2"]
[WhiteElo "2568"]
[BlackElo "2504"]

1.e4 e6 2.d4 d5 3.Nc3 Nf6 4.e5 Nfd7 5.f4 c5 6.Nf3 Nc6 7.Be3 Be7 8.dxc5 Bxc5
9.Qd2 O-O 10.O-O-O Qa5 11.a3 Be7 12.Kb1 a6 13.Nd4 Qc7 14.g4 b5 15.Bg2 Rb8
16.Nxc6 Qxc6 17.Ba7 b4 18.axb4 Rxb4 19.Bxd5 exd5 20.Nxd5 Rxb2+ 21.Kxb2 Qb5+
22.Kc3 Qc6+ 23.Kd4 Bc5+ 24.Bxc5 Qxc5+ 25.Ke4 Bb7 26.Qd4 Qxc2+ 27.Ke3 Bxd5
28.Qxd5 Nf6 29.Qf3 Rb8 30.Rd3 Qc5+ 31.Ke2 Rb2+ 32.Rd2 Qc4+ 33.Ke1 Qc1+ 34.Qd1 Qc3
35.exf6 gxf6 36.Ke2 Qc4+ 37.Ke3 Rb3+ 38.Rd3 Qc5+ 39.Ke2 Rb2+ 40.Rd2 Qc4+
41.Ke3 Rb3+ 42.Kf2 Qxf4+ 43.Kg1 Rf3 44.Qe1 Kh8 45.h3 Re3 46.Qf1 Qg3+ 47.Rg2 Qe5
48.Rf2 Re1 49.Qxe1 Qxe1+ 50.Kg2 Qe4+ 51.Rf3 Kg7 52.Rf1 a5 53.Kg3 Qe5+ 54.Kg2 Qe4
55.Kg3 Qd4 56.h4 a4 57.Kh3 Qb2 58.R1f2 Qa1 59.Rf1 Qe5 60.h5 Qd6 61.R1f2 Qd4
62.Rf4 Qa1 63.Rf1 Qc3+  1/2-1/2

[Event "18th Zadar Open A"]
[Site "Zadar CRO"]
[Date "2011.12.15"]
[Round "7.6"]
[White "Szabo,Krisz1"]
[Black "Brkic,A"]
[Result "1-0"]
[WhiteElo "2548"]
[BlackElo "2605"]

1.e4 e6 2.d4 d5 3.Nc3 Nf6 4.e5 Nfd7 5.f4 c5 6.Nf3 Nc6 7.Be3 Be7 8.Qd2 O-O
9.dxc5 Bxc5 10.O-O-O Qa5 11.Bxc5 Nxc5 12.Kb1 Bd7 13.Qe3 Rfc8 14.g4 Nb4 15.a3 Nxc2
16.Kxc2 Ne4 17.Rc1 Rxc3+ 18.bxc3 Qxa3 19.Kd1 Nf2+ 20.Qxf2 Ba4+ 21.Kd2 Qb2+
22.Ke3 Qxc1+ 23.Qd2 Qa3 24.Bd3 Rc8 25.Qc1 Qc5+ 26.Nd4 f6 27.Qb1 fxe5 28.fxe5 Qc7
29.Nf3 Qxc3 30.Qa1 Bc2 31.Qxc3 Rxc3 32.Ne1 Bxd3 33.Nxd3 b6 34.Rc1 Rxc1 35.Nxc1 g5
36.Nb3 Kf7 37.Nd4 a6 38.Kd3 Ke7 39.Nc6+ Kd7 40.Nb8+ Kc7 41.Nxa6+ Kc6 42.Kd4 b5
43.Nc5  1-0

[Event "18th Zadar Open A"]
[Site "Zadar CRO"]
[Date "2011.12.16"]
[Round "8.8"]
[White "Svetushkin,D"]
[Black "Kuljasevic,D"]
[Result "0-1"]
[WhiteElo "2621"]
[BlackElo "2560"]

1.e4 e6 2.d4 d5 3.Nc3 Nf6 4.e5 Nfd7 5.f4 c5 6.Nf3 Nc6 7.Be3 Be7 8.a3 O-O
9.dxc5 Bxc5 10.Bxc5 Nxc5 11.b4 Nd7 12.Bd3 f6 13.O-O a5 14.b5 Ne7 15.Na4 b6
16.c4 Nc5 17.Nxc5 bxc5 18.Qc2 f5 19.Rab1 Qb6 20.Rfc1 Bb7 21.cxd5 c4+ 22.Qf2 Qxf2+
23.Kxf2 cxd3 24.Rc7 Nxd5 25.Rxb7 Rab8 26.Rxb8 Rxb8 27.a4 Rc8 28.Rb3 Rc2+
29.Kg3 Nb4 30.b6 Rc8 31.Rxb4 axb4 32.a5 Rb8 33.Kf2 b3 34.Ke3 b2 35.Nd2 Kf7
36.Nb1 Ke7 37.Kxd3 Kd7 38.Na3 Kc6 39.Kc2 Kc5 40.Kb3 h6 41.h4 g6 42.Ka4 Kc6
43.Kb3 Ra8 44.Kxb2 Rxa5 45.Nc4 Rd5 46.Kc3 Rd1 47.Ne3 Rh1  0-1

[Event "18th Zadar Open A"]
[Site "Zadar CRO"]
[Date "2011.12.17"]
[Round "9.19"]
[White "Stojanovic,Da"]
[Black "Brigljevic,M"]
[Result "1/2-1/2"]
[WhiteElo "2487"]
[BlackElo "2291"]

1.e4 e6 2.d4 d5 3.Nc3 Nf6 4.e5 Nfd7 5.f4 c5 6.Nf3 Nc6 7.Be3 a6 8.Qd2 Qa5
9.Be2 cxd4 10.Nxd4 Nxd4 11.Bxd4 Bc5 12.Bf3 Bxd4 13.Qxd4 Qb6 14.Ne2 O-O 15.O-O-O Qxd4
16.Rxd4 b5 17.a4 Nb8 18.Rdd1 Nc6 19.Nd4 Nxd4 20.Rxd4 bxa4 21.c4 Rb8 22.Rhd1 Bd7
23.cxd5 Rfc8+ 24.Kb1 a3 25.R1d2  1/2-1/2

[Event "20th Aschacher Donau"]
[Site "Aschach AUT"]
[Date "2011.12.27"]
[Round "2"]
[White "Hiermann,D"]
[Black "Sedlak,N"]
[Result "0-1"]
[WhiteElo "2256"]
[BlackElo "2592"]

1.e4 e6 2.d4 d5 3.Nc3 Nf6 4.e5 Nfd7 5.f4 c5 6.Nf3 Nc6 7.Be3 Be7 8.Qd2 O-O
9.O-O-O c4 10.g4 b5 11.Nxb5 Rb8 12.Nd6 Nb4 13.Kb1 Bxd6 14.exd6 Nf6 15.a3 Ne4
16.Qe1 Nc6 17.Bc1 Qxd6 18.Bxc4 Qxa3 19.Rd3 Qd6 20.Bb3 Ba6 21.Rd1 Rxb3 22.cxb3 Nb4
23.Ne5 Qb6 24.Bd2 Nxd2+ 25.Rxd2 Qa5 26.Rc2 Qa2+ 27.Kc1 Nxc2  0-1

[Event "XXII Cajacanarias Christmas"]
[Site "Santa Cruz de Tenerife ESP"]
[Date "2011.12.27"]
[Round "7"]
[White "Lopez Pereyra,A"]
[Black "Gutierrez Olivares,D"]
[Result "0-1"]
[WhiteElo "2132"]
[BlackElo "2268"]

1.e4 e6 2.d4 d5 3.Nc3 Nf6 4.e5 Nfd7 5.Nce2 c5 6.c3 cxd4 7.cxd4 f6 8.Nf4 Bb4+
9.Bd2 Qb6 10.Nf3 O-O 11.g3 g5 12.Nd3 Bxd2+ 13.Qxd2 g4 14.exf6 Rxf6 15.Nfe5 Qxd4
16.Qg5+ Kh8 17.Be2 Nc6 18.Nxc6 bxc6 19.O-O Ba6 20.Rad1 Rg8 21.Qc1 Qb6 22.Qc3 d4
23.Qa3 c5 24.Rc1 e5 25.f3 gxf3 26.Bxf3 Rgf8 27.Be4 Rxf1+ 28.Rxf1 Rxf1+ 29.Kxf1 Nf6
30.Kg2 Nxe4 31.Nxe5 Qb5 32.Kh3 Qf1+ 33.Kg4 Bc8+  0-1

[Event "ch-AUS 2011-12"]
[Site "North Geelong AUS"]
[Date "2011.12.30"]
[Round "4.2"]
[White "Wohl,A"]
[Black "Xie,G"]
[Result "0-1"]
[WhiteElo "2404"]
[BlackElo "2440"]

1.e4 e6 2.d4 d5 3.Nc3 Nf6 4.e5 Nfd7 5.f4 c5 6.Nf3 Nc6 7.Be3 a6 8.Qd2 b5 9.a3 Bb7
10.Be2 Qb6 11.Nd1 f6 12.f5 cxd4 13.fxe6 Ndxe5 14.Nxd4 Nxd4 15.Bxd4 Qxe6 16.O-O Bd6
17.Ne3 O-O 18.Nf5 Bc7 19.Qe3 Kh8 20.Rae1 Qd7 21.Bc5 Rfe8 22.Qd4 Nc6 23.Qh4 Re4
24.g4 Ne5 25.Ng3 Ng6 26.Qh5 Re5 27.Nf5 d4 28.Bf3 Bxf3  0-1

[Event "24th Staufer-Open"]
[Site "Schwaebisch Gmuend GER"]
[Date "2012.01.02"]
[Round "1"]
[White "Walter,A"]
[Black "Buhmann,R"]
[Result "0-1"]
[WhiteElo "1931"]
[BlackElo "2617"]

1.e4 e6 2.d4 d5 3.Nc3 Nf6 4.e5 Nfd7 5.f4 c5 6.Nf3 Nc6 7.Be3 Qb6 8.Na4 Qa5+
9.c3 b6 10.a3 c4 11.b4 cxb3 12.Qxb3 Ba6 13.Nb2 Rc8 14.a4 Ncxe5 15.fxe5 Rxc3
16.Bd2 Rxb3 17.Bxa5 Bxf1  0-1

[Event "Cracovia Comarch Cup"]
[Site "Krakow POL"]
[Date "2012.01.03"]
[Round "8.4"]
[White "Dragun,K"]
[Black "Piorun,K"]
[Result "1-0"]
[WhiteElo "2424"]
[BlackElo "2520"]

1.e4 e6 2.d4 d5 3.Nc3 Nf6 4.e5 Nfd7 5.f4 c5 6.Nf3 Nc6 7.Be3 cxd4 8.Nxd4 Bc5
9.Qd2 O-O 10.O-O-O a6 11.Kb1 Nxd4 12.Bxd4 b5 13.h4 Qb6 14.Ne2 b4 15.Rh3 Kh8
16.h5 a5 17.Rg3 Ba6 18.f5 Bxe2 19.Bxc5 Qxc5 20.Bxe2 Qc7 21.Bb5 Rg8 22.h6 g6
23.fxe6 fxe6 24.Bxd7 Qxd7 25.Rf3 Rgf8 26.Rdf1 Qe7 27.Rf6 Kg8 28.g4 Rac8 29.g5 Rxf6
30.Rxf6 a4 31.Qf2 a3 32.Qb6 Re8 33.Qc6 Rf8 34.Kc1 Re8 35.b3 Kh8 36.Kd2 Kg8
37.Kd3 Kh8 38.c3 bxc3 39.Kxc3 Rb8 40.Qd6 Rc8+ 41.Kd2 Qe8 42.Rxe6 Qb5 43.Re8+  1-0

[Event "24th Staufer-Open"]
[Site "Schwaebisch Gmuend GER"]
[Date "2012.01.03"]
[Round "3"]
[White "Rosenberger,F"]
[Black "Bluebaum,M"]
[Result "0-1"]
[WhiteElo "2165"]
[BlackElo "2413"]

1.e4 e6 2.d4 d5 3.Nc3 Nf6 4.e5 Nfd7 5.f4 c5 6.Nf3 Nc6 7.Be3 Be7 8.Qd2 O-O
9.Be2 b6 10.O-O f5 11.Nd1 cxd4 12.Nxd4 Nxd4 13.Bxd4 Nc5 14.Nf2 a5 15.Kh1 Ba6
16.Rg1 Bxe2 17.Qxe2 Kh8 18.Qb5 Qd7 19.Qxd7 Nxd7 20.Nd3 Rfc8 21.c3 Nc5 22.Rad1 Rab8
23.h3 Ne4 24.g4 g6 25.gxf5 gxf5 26.Rg2 Rg8 27.Rdg1 Rxg2 28.Rxg2 Bc5 29.Bxc5 bxc5
30.Kg1 Rb7 31.Kf1 c4 32.Ne1 Nc5 33.h4 Na4 34.Nf3 Nxb2 35.Ke2 Na4 36.Ke3 Nxc3
37.Nd4 Re7 38.Nc6 Rg7 39.Rxg7 Kxg7 40.Nd8 Nxa2 41.Nxe6+ Kg8 42.Nd4 Nb4 43.Nxf5 a4
44.e6 a3 45.Nh6+ Kf8 46.f5 a2  0-1

[Event "ch-AUS 2011-12"]
[Site "North Geelong AUS"]
[Date "2012.01.04"]
[Round "8.4"]
[White "Ikeda,J"]
[Black "Ly,Mo"]
[Result "1/2-1/2"]
[WhiteElo "2349"]
[BlackElo "2376"]

1.e4 e6 2.d4 d5 3.Nc3 Nf6 4.e5 Nfd7 5.f4 c5 6.Nf3 Nc6 7.Be3 Qb6 8.a3 cxd4
9.Nxd4 Bc5 10.Na4 Qa5+ 11.c3 Bxd4 12.Bxd4 Nxd4 13.Qxd4 b6 14.Qb4 Qxb4 15.axb4 Ke7  1/2-1/2

[Event "TCh-NED Meesterklasse 2011-12"]
[Site "Netherlands NED"]
[Date "2012.01.07"]
[Round "5.9"]
[White "De Groote,J"]
[Black "Tereick,B"]
[Result "0-1"]
[WhiteElo "2104"]
[BlackElo "2386"]

1.e4 e6 2.d4 d5 3.Nc3 Nf6 4.e5 Nfd7 5.f4 c5 6.Nf3 Nc6 7.Be3 Be7 8.Qd2 O-O
9.dxc5 Bxc5 10.Bxc5 Nxc5 11.O-O-O Qa5 12.g4 Rb8 13.Nd4 Bd7 14.Kb1 b5 15.Nb3 Nxb3
16.cxb3 Rfc8 17.Ne2 Qxd2 18.Rxd2 g5 19.fxg5 Nxe5 20.Nf4 Nf3 21.Rd1 Nxg5 22.Bd3 Bc6
23.Nh5 Kf8 24.Nf6 Ke7 25.Nxh7 Ne4 26.Bxe4 dxe4 27.Rhe1 Rh8 28.Ng5 Rbg8 29.Nxe4 Rxg4
30.Nd6 Rxh2 31.Nc8+ Kf8 32.Nxa7 Bf3 33.Rc1 Rgg2 34.Rc8+ Kg7 35.Nxb5 Rxb2+
36.Kc1 Rxa2 37.Kb1 Bh5 38.Nc3 Bg6+ 39.Ne4 Rhb2+ 40.Kc1 Rxb3  0-1

[Event "11th Prague Open A"]
[Site "Prague CZE"]
[Date "2012.01.14"]
[Round "2"]
[White "Novotny,M1"]
[Black "Rydl,Jiri"]
[Result "0-1"]
[WhiteElo "2337"]
[BlackElo "1954"]

1.e4 e6 2.d4 d5 3.Nc3 Nf6 4.e5 Nfd7 5.f4 c5 6.Nf3 Nc6 7.Be3 a6 8.Qd2 b5 9.a3 Qb6
10.Ne2 c4 11.g4 h5 12.gxh5 Ne7 13.Ng3 Nf5 14.Bh3 Nb8 15.Bxf5 exf5 16.Nh4 g6
17.Nf3 Nc6 18.hxg6 fxg6 19.h4 Be6 20.Ng5 Kd7 21.h5 Be7 22.c3 a5 23.Ke2 Bxg5
24.fxg5 f4 25.Bxf4 gxh5 26.Rag1 Bg4+ 27.Ke1 Ne7 28.Qg2 Raf8 29.Rf1 Qg6 30.Kd2 Qd3+
31.Kc1 Rxf4 32.Rxf4 Qe3+ 33.Qd2 Qxg3 34.Rf6 Be6 35.Rh6 Rf8 36.Rf6 Rg8 37.Rxh5 Qg1+
38.Qd1 Qxd1+  0-1

[Event "TCh-SVK Extraliga 2011-12"]
[Site "Slovakia SVK"]
[Date "2012.01.14"]
[Round "5"]
[White "Malinovsky,K"]
[Black "Macak,S"]
[Result "0-1"]
[WhiteElo "2357"]
[BlackElo "2368"]

1.e4 e6 2.d4 d5 3.Nc3 Nf6 4.e5 Nfd7 5.f4 c5 6.Nf3 Nc6 7.Be3 a6 8.Qd2 b5 9.dxc5 Bxc5
10.Bxc5 Nxc5 11.Qf2 Qb6 12.Bd3 b4 13.Ne2 a5 14.O-O Ne7 15.Kh1 Ba6 16.Rad1 Na4
17.Qxb6 Nxb6 18.Kg1 Na4 19.Bxa6 Rxa6 20.b3 Nc5 21.a3 bxa3 22.Ra1 Nc6 23.Rxa3 Ke7
24.Nfd4 Nxd4 25.Nxd4 Rha8 26.Rfa1 Kd7 27.f5 g6 28.fxg6 hxg6 29.Rf1 Ke7 30.h4 Nd7
31.Nf3 Rc8 32.Rf2 Rc3 33.Ra1 Re3 34.Raf1 a4 35.bxa4 Rxa4 36.g3 Ra8 37.Rb1 Ra7
38.Rbf1 Rc7 39.Kg2 Rcc3 40.Ra1 Nxe5 41.Nxe5 Rxe5 42.Ra7+ Kd6 43.Raxf7 Ree3
44.Kf1 Rxg3 45.Ke1 Rce3+ 46.Kd2 Re4 47.Rh2 Rd4+ 48.Kc1 Rg1+ 49.Kb2 Rb4+ 50.Kc3 Rc4+
51.Kb2 d4 52.Rf3 Ra4 53.Re2 e5 54.Rb3 Raa1 55.Rb6+ Kc7  0-1

[Event "TCh-BEL 2011-12"]
[Site "Belgium BEL"]
[Date "2012.01.15"]
[Round "6.7"]
[White "Laurent,B"]
[Black "Lion,Maurice"]
[Result "1-0"]
[WhiteElo "2372"]
[BlackElo "1736"]

1.e4 e6 2.d4 d5 3.Nc3 Nf6 4.e5 Nfd7 5.f4 c5 6.Nf3 Nc6 7.Be3 cxd4 8.Nxd4 Bb4
9.Nb3 a6 10.a3 Be7 11.Be2 f6 12.exf6 Nxf6 13.O-O O-O 14.Bf3 Nd7 15.Kh1 b5
16.Nxd5 Bb7 17.Nxe7+ Qxe7 18.Qd2 e5 19.fxe5 Ndxe5 20.Bc5 Nxf3 21.Rxf3 Qe4
22.Rxf8+ Rxf8 23.Bxf8  1-0

[Event "10th Parsvnath Open"]
[Site "New Delhi IND"]
[Date "2012.01.16"]
[Round "3"]
[White "Kuldeep,K"]
[Black "Gleizerov,E"]
[Result "0-1"]
[WhiteElo "1826"]
[BlackElo "2566"]

1.e4 e6 2.d4 d5 3.Nc3 Nf6 4.e5 Nfd7 5.f4 c5 6.Nf3 Nc6 7.Be3 Be7 8.dxc5 Bxc5
9.Qd2 O-O 10.Nd4 a6 11.Be2 Nxd4 12.Bxd4 b5 13.Bxc5 Nxc5 14.Qd4 Qb6 15.a4 Bd7
16.a5 Qc7 17.b4 Nb7 18.Bd3 Nd8 19.Ne2 Nc6 20.Qb2 f6 21.Nd4 fxe5 22.Nxc6 Bxc6
23.fxe5 d4 24.O-O-O Qxe5 25.Rhe1 Qf6 26.Be4 Qf4+ 27.Kb1 Bxe4 28.Rxd4 Bxc2+
29.Kxc2 Qf2+  0-1

[Event "10th Parsvnath Open"]
[Site "New Delhi IND"]
[Date "2012.01.17"]
[Round "5"]
[White "Kiran,M"]
[Black "Rishi,S"]
[Result "1-0"]
[WhiteElo "2210"]
[BlackElo "2026"]

1.e4 e6 2.d4 d5 3.Nc3 Nf6 4.e5 Nfd7 5.f4 c5 6.Nf3 Nc6 7.Be3 a6 8.Qd2 cxd4
9.Nxd4 Bc5 10.O-O-O O-O 11.Qf2 Qe7 12.Bd3 f6 13.exf6 Nxf6 14.h3 Bd6 15.Rhe1 Bd7
16.g4 Rac8 17.Kb1 Nb4 18.Bd2 Nxd3 19.cxd3 Qf7 20.Nf3 Kh8 21.Ne5 Bxe5 22.Rxe5 b5
23.Ne2 Qg6 24.f5 exf5 25.Nf4 Qf7 26.g5 Nh5 27.g6 Qf6 28.Nxh5 Qxe5 29.Bf4 Qe7
30.Re1 Qc5 31.Be3 Qc6 32.Bd4 hxg6 33.Bxg7+ Kg8 34.Bxf8 Kxf8 35.Nf6 g5 36.Nh5 Re8
37.Rg1 Qh6 38.Qf3 Qe6 39.Qg3 Qe7 40.Nf4  1-0

[Event "20th Fajr Open"]
[Site "Tabriz IRI"]
[Date "2012.01.18"]
[Round "9.15"]
[White "Pajoum Tajani,F"]
[Black "Khalesi,V"]
[Result "1/2-1/2"]
[WhiteElo "2040"]
[BlackElo "2212"]

1.e4 e6 2.d4 d5 3.Nc3 Nf6 4.e5 Nfd7 5.Nce2 c5 6.c3 Nc6 7.Nf3 cxd4 8.cxd4 f6
9.exf6 Qxf6 10.Ng3 Bd6 11.Bd3 O-O 12.O-O h6 13.Bc2 Rd8 14.Re1 Nf8 15.Ne5 Bd7
16.Re3 Be8 17.Nxc6 bxc6 18.Rf3 Qh4 19.Qd3 Bh5 20.Re3 Bg6 21.Qe2 Bxc2 22.Qxc2 Qxd4
23.Rd3 Qg4 24.Qxc6 Bxg3 25.hxg3 Rac8 26.Qa6 Qe2 27.Bd2 Qg4 28.Qxa7 e5 29.a4 d4
30.Re1 Qg6 31.Rf3 Rd7 32.Rxf8+ Rxf8 33.Qxd7 Qc2 34.Qe6+ Kh7 35.Bb4 Qxf2+
36.Kh1 d3 37.Qxe5 d2 38.Bxd2 Qxd2 39.Qe2 Qa5 40.Qe4+ Kh8 41.b3 Qc3 42.Re2 Rf1+
43.Kh2 Qc1 44.Kh3 Rh1+ 45.Kg4 Qd1 46.Qf3 Qd8 47.Re5 Rc1 48.Qf7 Qd4+ 49.Qf4 Qd1+
50.Qf3 Qd7+ 51.Qf5 Qd1+ 52.Qf3 Qd7+ 53.Qf5 Qd1+ 54.Qf3  1/2-1/2

[Event "10th Parsvnath Open"]
[Site "New Delhi IND"]
[Date "2012.01.19"]
[Round "7.45"]
[White "Gajwa,A"]
[Black "Hoang Thanh Trang"]
[Result "1/2-1/2"]
[WhiteElo "1952"]
[BlackElo "2435"]

1.e4 e6 2.d4 d5 3.Nc3 Nf6 4.e5 Nfd7 5.f4 c5 6.Nf3 Nc6 7.Be3 Be7 8.Qd2 O-O
9.Be2 a6 10.O-O b5 11.Nd1 b4 12.Nf2 Qb6 13.c3 a5 14.g4 f6 15.exf6 Nxf6 16.Ne5 Nd7
17.g5 Ndxe5 18.fxe5 bxc3 19.bxc3 cxd4 20.cxd4 Bb4 21.Qb2 Bc5 22.Qxb6 Bxb6
23.Rfd1 Nxe5 24.Rab1 Ba7 25.Ng4 Ng6 26.Rb3 Bd7 27.Rb7 Bc6 28.Rc7 Rfc8 29.Rxc8+ Rxc8
30.Rb1 Nh4 31.Ba6 Nf3+ 32.Kg2 Rf8 33.Rc1 Ba8 34.Bc8 e5 35.Nf6+ gxf6 36.Kxf3 exd4
37.Be6+ Kh8 38.Bd2 fxg5+ 39.Kg4 Bb8 40.Bxg5 Be5 41.Be7 Re8 42.Kf5 Bg7 43.Bd7 Rxe7
44.Rc8+ Bf8 45.Rxf8+ Kg7 46.Rxa8 Rxd7 47.Rxa5 d3 48.Ra3 Rf7+ 49.Kg4 Kf6 50.Kf4 Ke6+
51.Ke3 Ke5 52.Rxd3 Rf6 53.h3 Rb6 54.Ke2 Ra6 55.a3 d4 56.Kf3 Kd5 57.Ke2 Kc4
58.Rg3 h6 59.Kd2 Rf6 60.Ke2 Rb6 61.Rd3 Rb2+ 62.Rd2 Rb3 63.Rc2+ Kb5 64.Rc8 Rxa3
65.Rd8 Kc4  1/2-1/2

[Event "11th Marienbad Open"]
[Site "Marianske Lazne CZE"]
[Date "2012.01.21"]
[Round "1"]
[White "Kosek,L"]
[Black "Ivanovic,Mir"]
[Result "1/2-1/2"]
[WhiteElo "1795"]
[BlackElo "2143"]

1.e4 e6 2.d4 d5 3.Nc3 Nf6 4.e5 Nfd7 5.f4 c5 6.Nf3 Nc6 7.Be3 Qb6 8.Na4 Qa5+
9.c3 cxd4 10.b4 Qc7 11.Nxd4 a6 12.Nb3 b6 13.Bd3 g6 14.O-O Bb7 15.Rc1 Be7
16.Qe2 O-O 17.Qf2 Bd8 18.h4 f6 19.Qg3 fxe5 20.fxe5 Qxe5 21.Rxf8+ Nxf8 22.Bf4 Qg7
23.Bd6 e5 24.Rf1 Bc7 25.Bxc7 Qxc7 26.Qf2 d4 27.Bc4+ Kh8 28.Qf6+ Qg7 29.Qxg7+ Kxg7
30.Rf7+ Kh6 31.Rxb7 b5 32.Bxb5 axb5 33.Nb6 Rxa2 34.cxd4 Nxd4 35.Nc5 Nfe6
36.Nd5 Nxc5 37.bxc5 Kh5 38.Rxh7+ Kg4 39.Rg7 Ne2+ 40.Kh2 Nf4 41.Nxf4 exf4
42.Rxg6+ Kxh4 43.Rh6+ Kg4 44.Rg6+ Kh5 45.Rb6 Rb2 46.c6 Rc2 47.Rxb5+  1/2-1/2

[Event "10th Parsvnath Open"]
[Site "New Delhi IND"]
[Date "2012.01.21"]
[Round "9.2"]
[White "Shyam,N"]
[Black "Gomez,Joh"]
[Result "1/2-1/2"]
[WhiteElo "2482"]
[BlackElo "2506"]

1.e4 e6 2.d4 d5 3.Nc3 Nf6 4.e5 Nfd7 5.f4 c5 6.Nf3 Nc6 7.Be3 Be7 8.Qd2 O-O
9.dxc5 Bxc5 10.O-O-O Qa5 11.a3 Rb8 12.Kb1 Bxe3 13.Qxe3 b5 14.Nd4 Nxd4 15.Rxd4 b4
16.axb4 Rxb4 17.Rxb4 Qxb4 18.Na2 Qb8 19.Bd3 Nb6 20.Qd4 Bd7 21.Ba6 Qc7 22.Qc3 Qb8
23.Qd4 Qc7 24.Qc3 Qxc3 25.Nxc3 f6 26.exf6 gxf6 27.Rd1 Kf7 28.f5 e5 29.Nxd5 Bxf5
30.Ne3 Be4 31.Bd3 Bxd3 32.Rxd3 Ke6 33.Ra3 Rf7 34.g4 h5 35.h3 Rc7 36.b3 Rc3
37.Nf5 Rxh3 38.Ng7+ Kd5 39.gxh5 Ke4 40.Rxa7 f5 41.Ra6 Nd5 42.Ra4+ Kf3 43.Ra5 Ke4
44.Ra4+ Kf3  1/2-1/2

[Event "10th Parsvnath Open"]
[Site "New Delhi IND"]
[Date "2012.01.22"]
[Round "10.29"]
[White "Konguvel,P"]
[Black "Mugil,J"]
[Result "1-0"]
[WhiteElo "2344"]
[BlackElo "2065"]

1.e4 e6 2.d4 d5 3.Nc3 Nf6 4.e5 Nfd7 5.f4 c5 6.Nf3 Nc6 7.Be3 Qb6 8.Na4 Qa5+
9.c3 cxd4 10.b4 Nxb4 11.cxb4 Bxb4+ 12.Bd2 Bxd2+ 13.Nxd2 O-O 14.Bd3 b5 15.Nb2 Nb6
16.O-O Nc4 17.Nbxc4 bxc4 18.Bxh7+ Kxh7 19.Qh5+ Kg8 20.Nf3 g6 21.Qh6 Qc7 22.f5 exf5
23.Rae1 f6 24.exf6 Qh7 25.Qf4 Qf7 26.Re7 Qxf6 27.Rfe1 Rf7 28.Rxf7 Qxf7 29.Qd6 Bd7
30.Re7 Be8 31.Ng5  1-0

[Event "10th Parsvnath Open"]
[Site "New Delhi IND"]
[Date "2012.01.23"]
[Round "11.8"]
[White "Zeng,C"]
[Black "Ulibin,M"]
[Result "1-0"]
[WhiteElo "2400"]
[BlackElo "2587"]

1.e4 e6 2.d4 d5 3.Nc3 Nf6 4.e5 Nfd7 5.f4 c5 6.Nf3 Nc6 7.Be3 Be7 8.a3 O-O
9.dxc5 Bxc5 10.Bxc5 Nxc5 11.b4 Nd7 12.Bd3 f6 13.O-O a5 14.b5 Ne7 15.Qe1 Nc5
16.Qe3 Nxd3 17.Qxd3 Ng6 18.g3 fxe5 19.fxe5 Bd7 20.Rae1 Rc8 21.Ne2 Qb6+ 22.Ned4 Rc4
23.c3 Rfc8 24.h4 Rxc3 25.Qd2 R8c4 26.h5 Ne7 27.Kg2 h6 28.g4 Rxa3 29.g5 Nf5
30.Nxf5 exf5 31.Qxd5+ Be6 32.Qd6 Qxd6 33.exd6 Rg4+ 34.Kh1 Re4 35.Rxe4 fxe4
36.Nd4 Bg4 37.Rf4 Rd3 38.Rxe4 Bd7 39.g6 Kf8 40.Re7 Bg4 41.Rxb7 Ke8 42.Re7+ Kf8
43.Ne6+ Bxe6 44.Rxe6 a4 45.b6 a3 46.b7  1-0

[Event "12th ch-CRO"]
[Site "Opatija CRO"]
[Date "2012.01.25"]
[Round "9.2"]
[White "Saric,Iv"]
[Black "Kuljasevic,D"]
[Result "1-0"]
[WhiteElo "2651"]
[BlackElo "2569"]

1.e4 e6 2.d4 d5 3.Nc3 Nf6 4.e5 Nfd7 5.f4 c5 6.Nf3 Nc6 7.Be3 a6 8.Qd2 b5 9.Nd1 g5
10.dxc5 gxf4 11.Bxf4 Bxc5 12.Nf2 Bb7 13.Nd3 Be7 14.Be2 Qb6 15.a4 Rg8 16.Bg3 b4
17.Qh6 O-O-O 18.Qxh7 f6 19.Bf2 d4 20.a5 Qc7 21.Nf4 Nc5 22.exf6 Bxf6 23.Qxc7+ Kxc7
24.Bg3 e5 25.Nh5 Bh8 26.O-O Ne4 27.Bd3 Nxg3 28.Nxg3 Rg4 29.Nd2 Rf4 30.Nge4 Rxf1+
31.Kxf1 Ne7 32.Nc5 Rg8 33.g3 Nd5 34.Nxb7 Ne3+ 35.Ke2 Kxb7 36.Ra4  1-0

[Event "ch-TUR 2012"]
[Site "Kemer TUR"]
[Date "2012.01.29"]
[Round "2"]
[White "Eryigit,Yakup"]
[Black "Dogan,A"]
[Result "0-1"]
[WhiteElo "1856"]
[BlackElo "2159"]

1.e4 e6 2.d4 d5 3.Nc3 Nf6 4.e5 Nfd7 5.f4 c5 6.Nf3 Nc6 7.Be3 Be7 8.Qd2 O-O
9.O-O-O c4 10.f5 b5 11.Bg5 b4 12.Nb5 exf5 13.Bxe7 Nxe7 14.Nd6 Qa5 15.Kb1 Nb6
16.h4 Na4 17.Qf4 Rb8 18.Ka1 Be6 19.Nd2 Nc3 20.bxc3 bxc3 21.Bxc4 dxc4 22.N2xc4 Qa4  0-1

[Event "Moscow Open Women 2012"]
[Site "Moscow RUS"]
[Date "2012.01.29"]
[Round "2.13"]
[White "Tomnikova,L"]
[Black "Nakhbayeva,G"]
[Result "0-1"]
[WhiteElo "2074"]
[BlackElo "2284"]

1.e4 e6 2.d4 d5 3.Nc3 Nf6 4.e5 Nfd7 5.f4 c5 6.Nf3 Nc6 7.Be3 Be7 8.dxc5 Bxc5
9.Bxc5 Nxc5 10.Qd2 Qa5 11.O-O-O O-O 12.Kb1 a6 13.Qf2 Bd7 14.f5 exf5 15.Nxd5 Be6
16.Bc4 Rad8 17.Ng5 Ne4 18.Nxe4 fxe4 19.Ne3 Qxe5 20.Qh4 h6 21.g4 Bxc4 22.Nxc4 Qc5
23.Nd2 Qd4 24.a3 e3 25.Nf3 Qe4 26.Qg3 e2 27.Rde1 Nd4 28.Nxd4 Rxd4 29.Qf2 Rd2
30.Rc1 Rxc2 31.Rxc2 Qxh1+ 32.Rc1 Qe4+ 33.Ka1 Rd8 34.Qe1 Qxg4  0-1

[Event "Moscow Open 2012 A"]
[Site "Moscow RUS"]
[Date "2012.01.30"]
[Round "3.26"]
[White "Tsydypov,Z"]
[Black "Zontakh,A"]
[Result "1-0"]
[WhiteElo "2321"]
[BlackElo "2566"]

1.e4 e6 2.d4 d5 3.Nc3 Nf6 4.e5 Nfd7 5.f4 c5 6.Nf3 Nc6 7.Be3 a6 8.Bd3 Qb6
9.O-O c4 10.Be2 Qxb2 11.Qe1 Bb4 12.Bd2 Nb6 13.a3 Bxc3 14.Bxc3 Qxc2 15.Bd1 Qg6
16.Nh4 Qh6 17.f5 g5 18.fxe6 fxe6 19.Nf3 O-O 20.Bd2 Qg6 21.Bxg5 Nxd4 22.Bf6 Nf5
23.Nh4 Qh6 24.Rxf5 exf5 25.Qg3+ Kf7 26.Bh5+ Ke6 27.Nxf5 Qd2 28.Rd1  1-0